El Calvario del subsector eléctrico - hondureño /
Kaydedildi:
| Yazar: | |
|---|---|
| Materyal Türü: | Metin |
| Etiketler: |
Etiketle
Etiket eklenmemiş, İlk siz ekleyin!
|
MARC
| LEADER | 00000 a a2200000 04500 | ||
|---|---|---|---|
| 001 | 14318 | ||
| 003 | |||
| 040 | |||
| 100 | |a Girón Castillo, Wilfredo | ||
| 245 | |a El Calvario del subsector eléctrico - hondureño / |c Wilfredo Girón Castillo | ||
| 773 | |g volumen 6, número 57 -58; páginas 198-218 | ||
| 999 | |c 32794 |d 32794 | ||
